| 000 | 01673cpcaa2200325 4500 | ||
|---|---|---|---|
| 001 | mm 79018820 | ||
| 003 | DLC | ||
| 005 | 20260227111655.0 | ||
| 008 | 790726|||||||||||| eng | ||
| 010 |
_amm 79018820 _bms 66001398 |
||
| 040 |
_aDLC _edacs _cDLC _dDLC |
||
| 072 | 7 |
_aW _2lcmd |
|
| 100 | 1 |
_aDouglas, John Hancock, _d1824-1892. |
|
| 245 | 0 | 0 |
_aJohn Hancock Douglas papers, _f1861-1885. |
| 300 |
_a250 _fitems. |
||
| 300 |
_a1 _fcontainer plus _a1 _foversize. |
||
| 506 | 0 | _aOpen to research. | |
| 520 | 8 | _aLetters (1861-1864) from Douglas to his brother, George Douglas, written from various headquarters of the U.S. Sanitary Commission, of which Douglas was chief of inspection and associate secretary. Manuscripts and printed copies of his writings, and pencilled notes (1885) from Ulysses S. Grant to Douglas, who was his physician. Includes typescript of "Record of the Last Days of the Magnanimous Soldier, U. S. Grant" by Douglas, a scrapbook, engravings, and other papers relating to Grant. | |
| 545 | 0 | _aPhysician. | |
| 546 | _aCollection material in English. | ||
| 600 | 1 | 0 |
_aDouglas, George, _dactive 1861-1864 _vCorrespondence. |
| 600 | 1 | 0 |
_aGrant, Ulysses S. _q(Ulysses Simpson), _d1822-1885. |
| 610 | 2 | 0 | _aUnited States Sanitary Commission. |
| 650 | 0 |
_aMedicine _xPractice _zNew York (State) _zNew York. |
|
| 651 | 0 |
_aUnited States _xHistory _yCivil War, 1861-1865 _xMedical care. |
|
| 656 | 7 |
_aPhysicians. _2itoamc |
|
| 999 |
_c42191 _d42191 |
||